[Event "Rated Blitz game"]
[Site "?"]
[Date "2021.11.30"]
[Round "?"]
[White "p3navarro85"]
[Black "StopJoking"]
[Result "1-0"]
[WhiteElo "2411"]
[BlackElo "2274"]
[PlyCount "121"]
[EventDate "2021.??.??"]
[EventType "blitz"]

1. e4 e5 2. Nf3 d5 3. Nxe5 Bd6 4. d4 dxe4 5. Nc4 Nf6 6. Nxd6+ Qxd6 7. Bc4 O-O
8. c3 Bf5 9. h3 Nbd7 10. O-O Nb6 11. Bb3 Rfe8 12. a4 a5 13. Na3 h6 14. Nb5 Qd7
15. Bf4 Rac8 16. Be5 Nfd5 17. Qh5 Bg6 18. Qh4 Re7 19. Rae1 Rce8 20. Qg3 c6 21.
Nd6 Re6 22. Nxe4 f6 23. Nxf6+ gxf6 24. Qxg6+ Qg7 25. Qxg7+ Kxg7 26. Bxf6+ Kxf6
27. Rxe6+ Rxe6 28. f3 Re2 29. Rf2 Re1+ 30. Kh2 Ne3 31. g4 Nbd5 32. f4 Nf1+ 33.
Kg2 Nde3+ 34. Kf3 Nd5 35. h4 Nfe3 36. g5+ hxg5 37. hxg5+ Kf5 38. c4 Nb4 39. g6
Kxg6 40. Rh2 Kf5 41. Rh5+ Kg6 42. Rxa5 Nf5 43. d5 cxd5 44. cxd5 Nd6 45. Ra8 Kf6
46. Rf8+ Ke7 47. Rh8 Rb1 48. Rh7+ Kd8 49. Rh8+ Kc7 50. f5 Kb6 51. f6 Rxb2 52.
Bc4 Rb3+ 53. Kf4 Rc3 54. Be2 Rc2 55. Ke5 Rxe2+ 56. Kxd6 Rd2 57. f7 Rxd5+ 58.
Ke6 Re5+ 59. Kxe5 Nc6+ 60. Kd6 Ka6 61. Kd5 {Time forfeit} 1-0

[Event "Rated Blitz game"]
[Site "?"]
[Date "2021.11.30"]
[Round "?"]
[White "NearSMA"]
[Black "blastol"]
[Result "0-1"]
[WhiteElo "2558"]
[BlackElo "2507"]
[PlyCount "38"]
[EventDate "2021.??.??"]
[EventType "blitz"]

1. e4 e5 2. Nf3 d5 3. Bc4 dxc4 4. Nxe5 Qd4 5. Nf3 Qxe4+ 6. Kf1 Bg4 7. Nc3 Bxf3
8. gxf3 Qh4 9. Qe2+ Be7 10. Nd5 Na6 11. d3 cxd3 12. Qxd3 O-O-O 13. Be3 Bc5 14.
Qf5+ Kb8 15. Bg5 Qc4+ 16. Kg2 Qxd5 17. Rad1 Qxf5 18. Rxd8+ Qc8 19. Rhd1 Nf6 {
Normal} 0-1

[Event "Rated Blitz game"]
[Site "?"]
[Date "2021.11.30"]
[Round "?"]
[White "bouchy2500"]
[Black "batasjon"]
[Result "1-0"]
[WhiteElo "2419"]
[BlackElo "2438"]
[PlyCount "41"]
[EventDate "2021.??.??"]
[EventType "blitz"]

1. e4 e5 2. Nf3 d5 3. exd5 e4 4. Qe2 Nf6 5. d3 Qxd5 6. Nbd2 Nc6 7. Nxe4 Be6 8.
Bg5 Be7 9. Nxf6+ gxf6 10. Be3 O-O-O 11. g3 Bg4 12. Bg2 Ne5 13. Nxe5 Qa5+ 14.
Qd2 Bb4 15. c3 Qxe5 16. cxb4 Rxd3 17. Qxd3 Rd8 18. Qc3 Qb5 19. f3 Rd3 20. Qc5
Qe8 21. Kf2 {Normal} 1-0

[Event "Rated Blitz game"]
[Site "?"]
[Date "2021.11.30"]
[Round "?"]
[White "edwardleekimhan"]
[Black "StoqnOrlinovStoqnov"]
[Result "1-0"]
[WhiteElo "2539"]
[BlackElo "2597"]
[PlyCount "86"]
[EventDate "2021.??.??"]
[EventType "blitz"]

1. e4 e5 2. Nf3 d5 3. Nxe5 Bd6 4. d4 dxe4 5. Nc4 Nf6 6. Nc3 O-O 7. Bg5 Be7 8.
Be2 Nbd7 9. O-O b6 10. f3 Bb7 11. d5 Nxd5 12. Bxe7 Nxe7 13. Nxe4 Bxe4 14. fxe4
Ng6 15. Bf3 Nde5 16. Nxe5 Nxe5 17. c3 Qxd1 18. Raxd1 Rad8 19. Kf2 Nd3+ 20. Ke3
Nxb2 21. Rd4 c5 22. Rd5 Nc4+ 23. Kf4 Rxd5 24. exd5 Re8 25. Rd1 Nd6 26. a4 f6
27. Ra1 g5+ 28. Kg3 Re3 29. a5 b5 30. Kg4 Rxc3 31. Re1 Rc4+ 32. Kg3 Nf5+ 33.
Kf2 Rc2+ 34. Kg1 Kf7 35. Be4 Nd4 36. Bxc2 Nxc2 37. Rc1 Ke7 38. Rxc2 Kd6 39. Rd2
c4 40. Kf2 c3 41. Rd3 b4 42. Ke3 Ke5 43. d6 c2 {Normal} 1-0

[Event "Rated Blitz tournament jtdGuq9z"]
[Site "?"]
[Date "2021.11.30"]
[Round "?"]
[White "klotera"]
[Black "dr_xStranger"]
[Result "0-1"]
[WhiteElo "2516"]
[BlackElo "2633"]
[PlyCount "46"]
[EventDate "2021.??.??"]
[EventType "blitz"]

1. e4 e5 2. Nf3 d5 3. Nxe5 Bd6 4. d4 dxe4 5. Nc4 Nf6 6. Nc3 O-O 7. Bg5 Nc6 8.
Qd2 Re8 9. a3 Bf5 10. Ne3 Bg6 11. Ncd5 Be7 12. Nxe7+ Qxe7 13. Nd5 Qd6 14. Nxf6+
gxf6 15. Be3 Rad8 16. Rd1 f5 17. c3 Bh5 18. Rb1 Qg6 19. Qc2 Ne7 20. h3 Nd5 21.
Qd2 f4 22. Bxf4 e3 23. Bxe3 Qxb1+ {Normal} 0-1

[Event "Rated Blitz game"]
[Site "?"]
[Date "2021.11.30"]
[Round "?"]
[White "khatkevich71"]
[Black "CkLust"]
[Result "0-1"]
[WhiteElo "2471"]
[BlackElo "2575"]
[PlyCount "46"]
[EventDate "2021.??.??"]
[EventType "blitz"]

1. e4 e5 2. Nf3 d5 3. exd5 e4 4. Qe2 Qe7 5. Nc3 exf3 6. gxf3 Na6 7. Qxe7+ Bxe7
8. Bxa6 bxa6 9. d4 Bf5 10. Bf4 Bxc2 11. Bxc7 Kd7 12. Bf4 Nf6 13. Rg1 Bb4 14.
Kd2 Bg6 15. Be5 Rhc8 16. Bxf6 gxf6 17. a3 Bd6 18. Rae1 Rab8 19. b4 Bf4+ 20. Re3
a5 21. b5 Rc4 22. Rxg6 hxg6 23. Kd3 Rbc8 {Normal} 0-1

[Event "Rated Blitz game"]
[Site "?"]
[Date "2021.11.30"]
[Round "?"]
[White "ArtemChessRU"]
[Black "Annali-annaliew1979"]
[Result "1-0"]
[WhiteElo "2451"]
[BlackElo "2459"]
[PlyCount "113"]
[EventDate "2021.??.??"]
[EventType "blitz"]

1. e4 e5 2. Nf3 d5 3. Nxe5 Qe7 4. d4 f6 5. Nf3 dxe4 6. Nfd2 f5 7. c3 Nf6 8. Bc4
Nc6 9. O-O Be6 10. Bxe6 Qxe6 11. Qb3 Qxb3 12. axb3 Bd6 13. Nc4 O-O 14. Nxd6
cxd6 15. Bf4 d5 16. Nd2 a6 17. b4 h6 18. Nb3 b6 19. Bc7 Nd7 20. f3 Rfc8 21. Bd6
Nd8 22. fxe4 fxe4 23. Rae1 Nf7 24. Bg3 a5 25. bxa5 bxa5 26. Rf5 a4 27. Nc1 Nb6
28. Ne2 a3 29. bxa3 Rxa3 30. Rb1 Nc4 31. Rxd5 Ra2 32. Nc1 Rc2 33. Rd7 Ng5 34.
h4 Ne3 35. Bf2 Nd1 36. hxg5 Nxf2 37. gxh6 gxh6 38. Rbb7 Rxc1+ 39. Kxf2 Rc2+ 40.
Ke3 R8xc3+ 41. Kxe4 Re2+ 42. Kf5 Rf2+ 43. Ke6 Re3+ 44. Kd6 Rg3 45. d5 Rgxg2 46.
Kc7 h5 47. d6 h4 48. Rb8+ Rf8 49. Rxf8+ Kxf8 50. Rh7 Rc2+ 51. Kd8 Rc4 52. d7
Re4 53. Rh5 Rd4 54. Rf5+ Kg7 55. Ke7 Re4+ 56. Kd6 Rd4+ 57. Rd5 {Normal} 1-0

[Event "Rated Blitz tournament jtdGuq9z"]
[Site "?"]
[Date "2021.11.30"]
[Round "?"]
[White "vitezizgorobilja"]
[Black "dr_xStranger"]
[Result "0-1"]
[WhiteElo "2501"]
[BlackElo "2642"]
[PlyCount "100"]
[EventDate "2021.??.??"]
[EventType "blitz"]

1. e4 e5 2. Nf3 d5 3. d4 dxe4 4. Nxe5 Bd6 5. Nc4 Nf6 6. Be2 O-O 7. Bg5 Nc6 8.
Nxd6 Qxd6 9. Bxf6 Qxf6 10. c3 Qg6 11. g3 Re8 12. O-O Bh3 13. Re1 Ne7 14. Nd2
Nd5 15. Nc4 b5 16. Ne3 Nxe3 17. fxe3 c6 18. Bf1 Bg4 19. Be2 Be6 20. Rf1 Rad8
21. a4 Qh6 22. axb5 Qxe3+ 23. Kg2 c5 24. Rf2 cxd4 25. cxd4 Rxd4 26. Qe1 Bd5 27.
Rd1 Rxd1 28. Qxd1 Qc5 29. Rf5 Rd8 30. h4 g6 31. Rf1 e3+ 32. Kh2 Qc7 33. Qc1 Qe5
34. Qc3 Qe4 35. Bf3 e2 36. Bxe4 exf1=Q 37. Bxd5 Rxd5 38. Qc8+ Kg7 39. Qc3+ Qf6
40. Qe3 Qxb2+ 41. Kh3 Rd1 42. Qf3 Qd4 43. h5 Qd7+ 44. g4 Rd3 45. Qxd3 Qxd3+ 46.
Kh4 h6 47. hxg6 fxg6 48. g5 h5 49. b6 Qf3 50. bxa7 Qg4# {Normal} 0-1

[Event "Rated Blitz game"]
[Site "?"]
[Date "2021.11.30"]
[Round "?"]
[White "adamiva5"]
[Black "JHuNnYx"]
[Result "1-0"]
[WhiteElo "2401"]
[BlackElo "2401"]
[PlyCount "67"]
[EventDate "2021.??.??"]
[EventType "blitz"]

1. e4 e5 2. Nf3 d5 3. exd5 e4 4. Qe2 Nf6 5. d3 Qxd5 6. Nbd2 Be6 7. dxe4 Qd7 8.
Ne5 Qd6 9. Qb5+ Nbd7 10. Nxd7 Bxd7 11. Qxb7 Bc6 12. Bb5 Bxb5 13. Qxa8+ Kd7 14.
Qxa7 Be7 15. c4 Bc6 16. Qe3 Re8 17. e5 Qb4 18. Qd3+ Bd6 19. f4 Bxg2 20. Rg1 Be4
21. Qc3 Qc5 22. Kf1 Bb7 23. Rxg7 Qc6 24. Qf3 Qxf3+ 25. Nxf3 Bxf3 26. Rxf7+ Kc8
27. Rxf6 Bc5 28. Bd2 Be4 29. Ke2 Rg8 30. Rf1 Rg2+ 31. Kd1 Rxh2 32. b4 Bd4 33.
e6 Bg6 34. Rf8+ {Time forfeit} 1-0

[Event "Rated Rapid game"]
[Site "?"]
[Date "2021.11.30"]
[Round "?"]
[White "Piesag"]
[Black "Nas114"]
[Result "1-0"]
[WhiteElo "2433"]
[BlackElo "2368"]
[PlyCount "83"]
[EventDate "2021.??.??"]
[EventType "rapid"]

1. e4 e5 2. Nf3 d5 3. Nxe5 Bd6 4. d4 dxe4 5. Bc4 Bxe5 6. dxe5 Qxd1+ 7. Kxd1 Nc6
8. Bf4 Bg4+ 9. Ke1 O-O-O 10. Nd2 Nge7 11. Nxe4 Ng6 12. Bg3 Ngxe5 13. Be2 Bxe2
14. Kxe2 Nd4+ 15. Kf1 Nxc2 16. Rc1 Nc6 17. f3 N2b4 18. a3 Nd3 19. Rc2 f5 20.
Ng5 f4 21. Nf7 fxg3 22. Nxh8 Rxh8 23. hxg3 Re8 24. Re2 Rxe2 25. Kxe2 Nxb2 26.
Rxh7 Nc4 27. Rxg7 Nxa3 28. g4 Nc2 29. g5 N2d4+ 30. Kd3 Nf5 31. Rg8+ Kd7 32. g4
Nfe7 33. Rh8 Ne5+ 34. Ke4 N5g6 35. Rh7 Ke6 36. f4 Nf8 37. f5+ Kd6 38. g6 Ng8
39. g5 Ne7 40. Rf7 Nd7 41. g7 Ng8 42. Rf8 {Normal} 1-0

[Event "Rated Rapid game"]
[Site "?"]
[Date "2021.11.30"]
[Round "?"]
[White "Rumple_DarkOne"]
[Black "SuperNezh"]
[Result "1/2-1/2"]
[WhiteElo "2606"]
[BlackElo "2520"]
[PlyCount "130"]
[EventDate "2021.??.??"]
[EventType "rapid"]

1. e4 e5 2. Nf3 d5 3. exd5 Nf6 4. Nc3 Bd6 5. d4 e4 6. Ne5 Nbd7 7. Bb5 O-O 8.
Bxd7 Bxd7 9. Bg5 Bf5 10. Qd2 Re8 11. Qf4 Bg6 12. O-O-O h6 13. Bh4 c5 14. Nb5
Bxe5 15. dxe5 Nxd5 16. Bxd8 Nxf4 17. Bh4 Rxe5 18. Kb1 c4 19. Nd6 Re6 20. Nxc4
Nxg2 21. Bg3 e3 22. fxe3 Nxe3 23. Nxe3 Rxe3 24. Rhe1 Rxe1 25. Rxe1 Rc8 26. Re2
f6 27. b3 Kf7 28. Kb2 Bf5 29. c4 g5 30. Kc3 h5 31. b4 Bg4 32. Rd2 Be6 33. c5 b6
34. Bd6 bxc5 35. Bxc5 f5 36. Rd6 f4 37. Kd4 h4 38. Ke5 Re8 39. Kd4 Bxa2 40. Ra6
Bb3 41. Rxa7+ Kg6 42. Bd6 Re2 43. b5 f3 44. Ra1 f2 45. Rf1 Ba4 46. b6 Bc6 47.
Kd3 Rb2 48. Bc5 g4 49. Rxf2 Rb1 50. Bd4 Kg5 51. Rb2 Rxb2 52. Bxb2 g3 53. Be5 g2
54. Bd4 h3 55. Ke2 Kf4 56. Kf2 Ke4 57. Bc5 Bb7 58. Kg1 Kd5 59. Bf2 Ke4 60. Bg3
Kf3 61. Bf2 Ke2 62. Bg3 Kf3 63. Bf2 Ke2 64. Bg3 Kf3 65. Bf2 Ke2 {Normal}
1/2-1/2

[Event "Rated Blitz game"]
[Site "?"]
[Date "2021.11.30"]
[Round "?"]
[White "walaasarwat"]
[Black "PIETRO2848"]
[Result "1-0"]
[WhiteElo "2428"]
[BlackElo "2346"]
[PlyCount "29"]
[EventDate "2021.??.??"]
[EventType "blitz"]

1. e4 e5 2. Nf3 d5 3. exd5 e4 4. Qe2 Nf6 5. d3 Bc5 6. dxe4 O-O 7. Bg5 Re8 8.
Nc3 Bf5 9. O-O-O Bxe4 10. Nxe4 Rxe4 11. Qxe4 Nxe4 12. Bxd8 Nxf2 13. Bd3 Nd7 14.
Bxc7 Rc8 15. Bg3 {Normal} 1-0

[Event "Rated Blitz game"]
[Site "?"]
[Date "2021.11.30"]
[Round "?"]
[White "HSandReckoner"]
[Black "batasjon"]
[Result "1/2-1/2"]
[WhiteElo "2427"]
[BlackElo "2458"]
[PlyCount "111"]
[EventDate "2021.??.??"]
[EventType "blitz"]

1. e4 e5 2. Nf3 d5 3. Nxe5 Bd6 4. d4 dxe4 5. Nc4 Nf6 6. Nxd6+ Qxd6 7. Be2 O-O
8. O-O Nc6 9. c3 Ne7 10. Na3 Nfd5 11. Nc4 Qe6 12. Bg5 Ng6 13. Ne3 Ndf4 14. Bc4
Qb6 15. Qb3 c6 16. Qxb6 axb6 17. Rfe1 Be6 18. Bxf4 Nxf4 19. Bxe6 Nxe6 20. Nf5
g6 21. Nd6 Rfd8 22. Nxe4 c5 23. d5 Nf4 24. c4 Kg7 25. g3 Nd3 26. Re2 Re8 27.
Kf1 Re5 28. Rd1 Nxb2 29. Rxb2 Rxe4 30. d6 Rd8 31. Rxb6 Rxc4 32. Rxb7 Ra4 33.
Rc7 Kf6 34. Rxc5 Rxa2 35. Rcd5 Rd7 36. Kg2 Ke6 37. Kf3 Ra3+ 38. Kg2 Ra6 39. h4
Raxd6 40. Rxd6+ Rxd6 41. Rxd6+ Kxd6 42. Kf3 Ke5 43. Ke3 Kf5 44. f3 Ke5 45. g4
h5 46. f4+ Kd5 47. g5 Kd6 48. Ke4 Ke6 49. Ke3 Kf5 50. Kf3 f6 51. gxf6 Kxf6 52.
Ke3 Ke6 53. Ke4 Kf6 54. Ke3 Kf5 55. Kf3 Kf6 56. Ke3 {Normal} 1/2-1/2

[Event "Rated Blitz game"]
[Site "?"]
[Date "2021.11.30"]
[Round "?"]
[White "OUT-knock123"]
[Black "Maltinho"]
[Result "1-0"]
[WhiteElo "2693"]
[BlackElo "2641"]
[PlyCount "117"]
[EventDate "2021.??.??"]
[EventType "blitz"]

1. e4 e5 2. Nf3 d5 3. Nxe5 Bd6 4. d4 dxe4 5. Be2 Bxe5 6. dxe5 Qxd1+ 7. Bxd1 Nc6
8. Nc3 Bf5 9. Bf4 O-O-O 10. Be2 Nge7 11. g4 Bg6 12. Bc4 Nd4 13. O-O-O h5 14.
Rhe1 Nf3 15. Rxd8+ Rxd8 16. Re3 hxg4 17. Nxe4 Nf5 18. Rc3 N5d4 19. Ng5 f6 20.
exf6 gxf6 21. Ne6 Re8 22. Re3 Nxc2 23. Rc3 c6 24. Rxc2 Bxc2 25. Kxc2 Kd7 26.
Nc5+ Kc8 27. Be6+ Kd8 28. Nxb7+ Ke7 29. Bxg4 Nd4+ 30. Kc3 Nb5+ 31. Kb4 Rh8 32.
Kc5 Rh4 33. h3 Rh8 34. a4 f5 35. Bf3 a6 36. axb5 cxb5 37. Nd6 Ke6 38. Bd5+ Kd7
39. Nxf5 Rh5 40. Be4 Ke6 41. Kb6 Rh7 42. Kxa6 Rd7 43. Kxb5 Rd1 44. Kc4 Re1 45.
Ne3 Rh1 46. Bd5+ Kd7 47. Bxh1 Kc8 48. h4 Kd7 49. Bf3 Ke7 50. h5 Kf7 51. Be4 Kg7
52. Be5+ Kg8 53. Ng4 Kf7 54. h6 Ke6 55. h7 Kd7 56. h8=Q Ke6 57. Qf6+ Kd7 58.
Qd6+ Kc8 59. Qc7# {Normal} 1-0

[Event "Rated Blitz game"]
[Site "?"]
[Date "2021.11.30"]
[Round "?"]
[White "positionaloldman"]
[Black "rubengilmondelo64"]
[Result "0-1"]
[WhiteElo "2556"]
[BlackElo "2251"]
[PlyCount "83"]
[EventDate "2021.??.??"]
[EventType "blitz"]

1. e4 e5 2. Nf3 d5 3. d4 dxe4 4. Nxe5 Bd6 5. Nc4 Nf6 6. Nc3 O-O 7. Be2 Nc6 8.
O-O Bf5 9. d5 Ne5 10. Nxd6 Qxd6 11. h3 a6 12. Qd4 Rad8 13. Bf4 Nf3+ 14. Bxf3
Qxf4 15. Rfe1 Bxh3 16. Bxe4 Bf5 17. Qe3 Qe5 18. Bxf5 Qxf5 19. Rad1 Ng4 20. Qg3
h5 21. Re4 Rfe8 22. Rf4 Qxc2 23. d6 cxd6 24. Rf1 g6 25. Nd5 Kg7 26. Rxg4 hxg4
27. Qxg4 Qxb2 28. Ne3 d5 29. Nf5+ Kf8 30. Qg5 gxf5 31. Qh6+ Qg7 32. Qf4 Re5 33.
Qb4+ Kg8 34. Qb6 Rd7 35. Qc5 Qf6 36. Rb1 Kg7 37. Rb3 f4 38. Rh3 d4 39. Qc2 d3
40. Qd1 d2 41. Qg4+ Rg5 42. Qxf4 {Normal} 0-1

[Event "Rated Blitz game"]
[Site "?"]
[Date "2021.11.30"]
[Round "?"]
[White "Mondano"]
[Black "Tristan2020"]
[Result "1-0"]
[WhiteElo "2470"]
[BlackElo "2300"]
[PlyCount "77"]
[EventDate "2021.??.??"]
[EventType "blitz"]

1. e4 e5 2. Nf3 d5 3. d4 dxe4 4. Nxe5 Bd6 5. Nc4 Nf6 6. Nc3 O-O 7. Be2 Bf5 8.
Be3 Nc6 9. Qd2 a6 10. h3 b5 11. Nxd6 Qxd6 12. Rd1 Nd5 13. Nxd5 Qxd5 14. b3 Rfd8
15. O-O a5 16. c4 bxc4 17. bxc4 Qd7 18. Qc3 Nb4 19. a3 Nd3 20. Rb1 Qe7 21. Rb7
Rd6 22. Rfb1 g5 23. Rb8+ Rd8 24. Rxd8+ Rxd8 25. Qxa5 Qf6 26. Qxc7 Rxd4 27. Bxd4
Qxd4 28. Bxd3 exd3 29. Qb8+ Kg7 30. Qb2 Qxb2 31. Rxb2 Kf6 32. Kf1 Ke5 33. Ke1
Kd4 34. Kd2 Kxc4 35. Rb4+ Kc5 36. Rb7 Be4 37. Rxf7 Bxg2 38. Rxh7 Bf3 39. Kxd3 {
Normal} 1-0

[Event "Rated Blitz game"]
[Site "?"]
[Date "2021.11.30"]
[Round "?"]
[White "HUGOABEL"]
[Black "batasjon"]
[Result "0-1"]
[WhiteElo "2408"]
[BlackElo "2439"]
[PlyCount "64"]
[EventDate "2021.??.??"]
[EventType "blitz"]

1. e4 e5 2. Nf3 d5 3. exd5 e4 4. Qe2 Nf6 5. d3 Qxd5 6. dxe4 Qe6 7. e5 Ng4 8. h3
Nh6 9. Nd4 Qb6 10. Nb5 Be6 11. Be3 Bc5 12. Bxc5 Qxc5 13. N1c3 Na6 14. f4 Nf5
15. g4 Ng3 16. Qg2 Nxh1 17. Qxh1 O-O-O 18. f5 Qe3+ 19. Be2 Bc4 20. Nxa7+ Kb8
21. Nab5 Rd2 22. Qg2 Nb4 23. Na3 Nxc2+ 24. Nxc2 Rxc2 25. Rd1 Rxb2 26. Qf2 Qxc3+
27. Kf1 Rxe2 28. Qxe2 Bxe2+ 29. Kxe2 Qxh3 30. Rd3 Qxg4+ 31. Kd2 Qxf5 32. e6
Qxe6 {Time forfeit} 0-1

[Event "Rated Blitz game"]
[Site "?"]
[Date "2021.11.30"]
[Round "?"]
[White "NuhiJashari"]
[Black "JHuNnYx"]
[Result "1-0"]
[WhiteElo "2481"]
[BlackElo "2427"]
[PlyCount "47"]
[EventDate "2021.??.??"]
[EventType "blitz"]

1. e4 e5 2. Nf3 d5 3. d4 dxe4 4. Nxe5 Bd6 5. f4 exf3 6. Qxf3 Nf6 7. Bc4 O-O 8.
c3 c5 9. Bg5 cxd4 10. cxd4 Bxe5 11. dxe5 Qd4 12. exf6 Qxc4 13. Nd2 Re8+ 14. Kf2
g6 15. Rhe1 Qc5+ 16. Be3 Qc2 17. Rac1 Qxb2 18. Kg1 Nc6 19. Nc4 Qxa2 20. Nd6 Rd8
21. Qf4 Qe6 22. Bc5 Rxd6 23. Qxd6 Qxd6 24. Re8+ {Normal} 1-0

[Event "Rated Blitz tournament cdDv5STM"]
[Site "?"]
[Date "2021.11.30"]
[Round "?"]
[White "Ivan_1967"]
[Black "Muifel"]
[Result "0-1"]
[WhiteElo "2207"]
[BlackElo "2423"]
[PlyCount "22"]
[EventDate "2021.??.??"]
[EventType "blitz"]

1. e4 e5 2. Nf3 d5 3. exd5 e4 4. Qe2 Nf6 5. d3 Qxd5 6. Nfd2 Be6 7. dxe4 Qd7 8.
Nc3 Nc6 9. Nc4 O-O-O 10. Bd2 Nd4 11. Qd3 Bxc4 {Normal} 0-1

[Event "Rated Blitz game"]
[Site "?"]
[Date "2021.11.30"]
[Round "?"]
[White "Salov-2"]
[Black "blastol"]
[Result "0-1"]
[WhiteElo "2348"]
[BlackElo "2504"]
[PlyCount "110"]
[EventDate "2021.??.??"]
[EventType "blitz"]

1. e4 e5 2. Nf3 d5 3. Nxe5 Bd6 4. d4 dxe4 5. Nc4 h6 6. Nxd6+ Qxd6 7. Be2 Nc6 8.
Be3 f5 9. Nc3 Nf6 10. Nb5 Qd8 11. Bf4 Nd5 12. Bh5+ Kf8 13. Be5 a6 14. Nc3 Nxc3
15. bxc3 Nxe5 16. dxe5 Qxd1+ 17. Rxd1 Be6 18. a3 Ke7 19. Rd4 Rad8 20. Ke2 Rd5
21. Rxd5 Bxd5 22. Ke3 Ke6 23. f4 exf3 24. Bxf3 Kxe5 25. Bxd5 Kxd5 26. Rd1+ Ke6
27. h4 g5 28. h5 Re8 29. Rd4 b6 30. a4 c6 31. Kf3 Ke5 32. Rd7 Re6 33. Ra7 a5
34. Rb7 c5 35. Rg7 Kd5 36. Rg8 Kc4 37. Rg6 Re7 38. Rxb6 Kxc3 39. Rb5 c4 40. Rc5
Re4 41. Rxa5 Kxc2 42. Rxf5 Re6 43. a5 c3 44. Rc5 Kb3 45. Rb5+ Ka2 46. Rb6 Rxb6
47. axb6 c2 48. b7 c1=Q 49. b8=Q Qf1+ 50. Kg3 Qd3+ 51. Kh2 Qe2 52. Qa7+ Kb1 53.
Qb6+ Kc1 54. Qxh6 Qe5+ 55. Kh3 Qf4 {Time forfeit} 0-1

[Event "Rated Blitz game"]
[Site "?"]
[Date "2021.11.30"]
[Round "?"]
[White "armbreaker"]
[Black "Annali-annaliew1979"]
[Result "1-0"]
[WhiteElo "2326"]
[BlackElo "2466"]
[PlyCount "67"]
[EventDate "2021.??.??"]
[EventType "blitz"]

1. e4 e5 2. Nf3 d5 3. Nc3 dxe4 4. Nxe4 f5 5. Nc3 e4 6. Ne5 Nf6 7. d4 Be6 8. Bc4
Bxc4 9. Nxc4 Bd6 10. Nxd6+ cxd6 11. d5 O-O 12. O-O Nbd7 13. f3 a6 14. fxe4 fxe4
15. Kh1 h6 16. Bf4 Qe7 17. Qe2 Rac8 18. Rae1 Rfe8 19. Bg3 Nc5 20. Bh4 g5 21.
Bf2 Kg7 22. Bd4 Ncd7 23. Nxe4 Qxe4 24. Qxe4 Rxe4 25. Rxe4 Rxc2 26. Re6 Rd2 27.
Bxf6+ Nxf6 28. Rexf6 Rxd5 29. h3 Rb5 30. b3 d5 31. Rd6 a5 32. Rf5 a4 33. Rfxd5
Rb4 34. Rd4 {Normal} 1-0

[Event "Rated Blitz game"]
[Site "?"]
[Date "2021.11.30"]
[Round "?"]
[White "JosueChess-Youtube"]
[Black "Roberto_Baggio1978"]
[Result "1-0"]
[WhiteElo "2639"]
[BlackElo "2587"]
[PlyCount "33"]
[EventDate "2021.??.??"]
[EventType "blitz"]

1. e4 e5 2. Nf3 d5 3. exd5 e4 4. Nd4 Qxd5 5. Ne2 Nf6 6. Nbc3 Qa5 7. Ng3 Bg4 8.
Be2 h5 9. Bxg4 hxg4 10. Ngxe4 Nxe4 11. Nxe4 Nd7 12. Qxg4 f5 13. Qg6+ Kd8 14.
Ng5 Qe5+ 15. Kd1 Qd5 16. Nf7+ Kc8 17. Nxh8 {Normal} 1-0

[Event "Rated Blitz tournament jtdGuq9z"]
[Site "?"]
[Date "2021.11.30"]
[Round "?"]
[White "onyxz"]
[Black "dr_xStranger"]
[Result "0-1"]
[WhiteElo "2465"]
[BlackElo "2653"]
[PlyCount "108"]
[EventDate "2021.??.??"]
[EventType "blitz"]

1. e4 e5 2. Nf3 d5 3. Nxe5 Bd6 4. d4 dxe4 5. Bc4 Bxe5 6. Qh5 Qe7 7. dxe5 Nc6 8.
Bf4 Be6 9. Bxe6 Qxe6 10. Nc3 O-O-O 11. O-O f5 12. exf6 Nxf6 13. Qb5 a6 14. Qa4
Rd4 15. Qb3 Qxb3 16. axb3 Rhd8 17. Rfe1 Nb4 18. Rac1 Nbd5 19. Be5 Rd2 20. Bxf6
Nxf6 21. Nxe4 Nxe4 22. Rxe4 Rxc2 23. Rc4 Rxc1+ 24. Rxc1 Rd2 25. h4 Rxb2 26. Rc3
b5 27. h5 a5 28. Rg3 g6 29. hxg6 hxg6 30. Rxg6 Rxb3 31. Ra6 a4 32. g4 Kb7 33.
Ra5 Rf3 34. Rxb5+ Ka6 35. Rc5 Kb6 36. Rc4 a3 37. Ra4 Kb5 38. Ra8 Kb4 39. Kg2
Rf7 40. g5 c5 41. Kg3 Kb3 42. f4 a2 43. g6 Rc7 44. f5 Rc8 45. Ra7 c4 46. f6 c3
47. f7 c2 48. g7 c1=Q 49. f8=Q Qg1+ 50. Kh4 Qh2+ 51. Kg5 Qg3+ 52. Kh6 Qe3+ 53.
Kh7 Rxf8 54. gxf8=Q Qxa7+ {Time forfeit} 0-1

[Event "Rated Blitz game"]
[Site "?"]
[Date "2021.11.30"]
[Round "?"]
[White "TheMadSponge"]
[Black "batasjon"]
[Result "1-0"]
[WhiteElo "2592"]
[BlackElo "2437"]
[PlyCount "47"]
[EventDate "2021.??.??"]
[EventType "blitz"]

1. e4 e5 2. Nf3 d5 3. Nxe5 Bd6 4. d4 dxe4 5. Bc4 Bxe5 6. Qh5 Qxd4 7. Qxf7+ Kd8
8. Qf8+ Kd7 9. Be6+ Kxe6 10. Qxc8+ Nd7 11. Qxa8 Ngf6 12. Qxh8 Kf5 13. Nc3 Kg6
14. h3 b5 15. O-O Bg3 16. Be3 Qc4 17. fxg3 Ne5 18. Rxf6+ gxf6 19. Rf1 Qe6 20.
Qxf6+ Qxf6 21. Rxf6+ Kxf6 22. Bd4 Ke6 23. Bxe5 Kxe5 24. Nxb5 {Normal} 1-0

[Event "Rated Blitz game"]
[Site "?"]
[Date "2021.11.30"]
[Round "?"]
[White "GloomyHoneyBadger"]
[Black "batasjon"]
[Result "0-1"]
[WhiteElo "2447"]
[BlackElo "2458"]
[PlyCount "100"]
[EventDate "2021.??.??"]
[EventType "blitz"]

1. e4 e5 2. Nf3 d5 3. Nxe5 Bd6 4. d4 dxe4 5. Nc3 Nf6 6. Bg5 O-O 7. Nxe4 Bxe5 8.
dxe5 Qxd1+ 9. Rxd1 Nxe4 10. Be3 Nd7 11. f4 Ndc5 12. b4 Na4 13. Rd4 Nec3 14. a3
c6 15. Bc4 Be6 16. Bb3 Bxb3 17. cxb3 Nb6 18. Rd6 Ncd5 19. Bd2 Rad8 20. Rxd8
Rxd8 21. Ke2 f5 22. Rc1 Rd7 23. a4 a6 24. b5 axb5 25. axb5 cxb5 26. Rc5 b4 27.
Rb5 Kf7 28. Bxb4 Nxb4 29. Rxb4 Nd5 30. Rc4 Ke6 31. g3 Rc7 32. Kd3 Rxc4 33. bxc4
Nc7 34. Kd4 b6 35. h3 Kd7 36. c5 b5 37. g4 g6 38. g5 Kc6 39. e6 Nxe6+ 40. Ke5
Nxc5 41. h4 b4 42. Kf6 b3 43. h5 b2 44. hxg6 hxg6 45. Kxg6 b1=Q 46. Kh7 Kd5 47.
g6 Ke6 48. g7 Qh1+ 49. Kg8 Kf6 50. Kf8 Qa8# {Normal} 0-1

[Event "Rated Blitz game"]
[Site "?"]
[Date "2021.11.30"]
[Round "?"]
[White "GeorgeIleana"]
[Black "batasjon"]
[Result "0-1"]
[WhiteElo "2461"]
[BlackElo "2449"]
[PlyCount "35"]
[EventDate "2021.??.??"]
[EventType "blitz"]

1. e4 e5 2. Nf3 d5 3. Nxe5 Bd6 4. d4 dxe4 5. Bc4 Bxe5 6. dxe5 Qxd1+ 7. Kxd1 Nc6
8. Bf4 Nge7 9. Nd2 Ng6 10. Bg3 Ncxe5 11. Bb5+ c6 12. Ba4 f5 13. Re1 O-O 14. f3
f4 15. Bxf4 Rxf4 16. Bb3+ Kh8 17. Nxe4 Bf5 18. Nf2 {Normal} 0-1

[Event "Rated Blitz game"]
[Site "?"]
[Date "2021.11.30"]
[Round "?"]
[White "NOELDelaCruz"]
[Black "yevkool1983"]
[Result "1-0"]
[WhiteElo "2492"]
[BlackElo "2265"]
[PlyCount "51"]
[EventDate "2021.??.??"]
[EventType "blitz"]

1. e4 e5 2. Nf3 d5 3. Nxe5 Qe7 4. d4 f6 5. Nd3 dxe4 6. Nf4 f5 7. h4 Nf6 8. c4
Qf7 9. Nc3 Bd6 10. c5 Be7 11. d5 O-O 12. Bc4 Bxc5 13. Qb3 Bd6 14. Ne6 Re8 15.
Bg5 Nbd7 16. h5 h6 17. Bxf6 Qxf6 18. Nb5 Nc5 19. Nxc5 Bxc5 20. Nxc7 Qd4 21. O-O
Bd7 22. Rad1 Qe5 23. Nxa8 Rxa8 24. Qxb7 Rd8 25. d6+ Kh8 26. Rd5 {Normal} 1-0

[Event "Rated Blitz tournament Qt1sMDnt"]
[Site "?"]
[Date "2021.11.30"]
[Round "?"]
[White "Brave_spirit12"]
[Black "HEISENBERG_1956"]
[Result "1/2-1/2"]
[WhiteElo "2417"]
[BlackElo "2548"]
[PlyCount "40"]
[EventDate "2021.??.??"]
[EventType "blitz"]

1. e4 e5 2. Nf3 d5 3. Nc3 d4 4. Ne2 f5 5. Nxe5 fxe4 6. Ng3 Nf6 7. Bc4 Qe7 8.
Nf7 Rg8 9. Nh5 Be6 10. Nxf6+ Qxf6 11. Bxe6 Qxe6 12. Ng5 Qe7 13. Nxh7 g6 14. Qg4
Nd7 15. d3 exd3+ 16. Kd1 O-O-O 17. Bg5 dxc2+ 18. Kxc2 Qc5+ 19. Kb1 d3 20. Rc1
Qd6 {Normal} 1/2-1/2

[Event "Rated Blitz game"]
[Site "?"]
[Date "2021.11.30"]
[Round "?"]
[White "BelottiSamaras"]
[Black "Annali-annaliew1979"]
[Result "1-0"]
[WhiteElo "2401"]
[BlackElo "2447"]
[PlyCount "35"]
[EventDate "2021.??.??"]
[EventType "blitz"]

1. e4 e5 2. Nf3 d5 3. Nxe5 Qe7 4. d4 f6 5. Qh5+ g6 6. Nxg6 Qxe4+ 7. Be3 Qxg6 8.
Qxd5 Ne7 9. Qb3 Nbc6 10. Nc3 Bf5 11. O-O-O O-O-O 12. d5 Na5 13. Qa4 b6 14. Ba6+
Kb8 15. Bf4 Nc8 16. Bxc8 Rxc8 17. Nb5 Nb7 18. Qxa7# {Normal} 1-0